Sports Quiz

Random Sports or Baseball Quiz
Score 0/47 Timer 08:00
5 Plays Today
HRs Player % Correct
512Mike Schmidt
94.6%
391Chipper Jones
92.8%
190Willie Jones
91.9%
287Alex Rodriguez
89.2%
242David Wright
80.7%
442Adrián Beltré
80.5%
267Brooks Robinson
78.8%
159Miguel Cabrera
72.8%
199George Brett
72.3%
282Evan Longoria
68.9%
226Nolan Arenado
68.5%
182Ryan Zimmerman
67.2%
338Ron Santo
64.6%
314Scott Rolen
63.8%
381Aramis Ramírez
63.8%
287Troy Glaus
61.9%
372Graig Nettles
61.7%
487Eddie Mathews
61.2%
360Matt Williams
61%
203Harmon Killebrew
58.5%
307Vinny Castilla
56.2%
166Howard Johnson
53.5%
245Eric Chavez
53.3%
233Ken Caminiti
53.1%
HRs Player % Correct
312Ron Cey
52.2%
339Gary Gaetti
51.1%
284Robin Ventura
46.5%
155Manny Machado
44%
250Tim Wallach
41.9%
216Mike Lowell
41.6%
193Kyle Seager
38.3%
153Bob Horner
35.4%
235Sal Bando
34.9%
261Ken Boyer
34.8%
187Buddy Bell
29.1%
244Dean Palmer
27.1%
198Todd Frazier
26.7%
175Al Rosen
25.7%
206Josh Donaldson
25.5%
232Doug DeCinces
25.3%
210Darrell Evans
24.3%
181Travis Fryman
24.2%
158Mark Reynolds
18.2%
193Todd Zeile
15.4%
163Ken Keltner
10.9%
154Tony Batista
5.9%
178Harlond Clift
3.5%

You're not logged in!

Compare scores with friends on all Sporcle quizzes.
OR
Log In

Sporcle TV

Today on Sporcle TV


Watch our educational content, quiz creation guides, and fun videos on Sporcle TV.

Show Comments

Extras

Top Quizzes Today


Score Distribution

Paid Content

Your Account Isn't Verified!

In order to create a playlist on Sporcle, you need to verify the email address you used during registration. Go to your Sporcle Settings to finish the process.

Report this User

Report this user for behavior that violates our Community Guidelines.

Details: